| 000 | 01117nam a2200325 c 4500 | ||
|---|---|---|---|
| 005 | 20201111140009.0 | ||
| 008 | 130821s2008 sp grff spa | ||
| 020 | _a9788481641898 | ||
| 040 |
_aCo-BoUCM _bspa _cDeissy Garcia (modificó) _dDeissy Garcia (modificó) |
||
| 041 | 0 | _aspa | |
| 245 | 0 | 0 |
_aManual de ciencia política _cedición de Rafael del Águila |
| 250 | _a4a.Ed. | ||
| 260 |
_aMadrid (España) _bTrotta _c2008 |
||
| 300 | _a514 páginas | ||
| 490 | 0 |
_aColección estructuras. _aSerie ciencias sociales |
|
| 504 | _aIncluye referencias bibliográficas e índices | ||
| 650 | 0 | 4 |
_aCiencia política _9340 |
| 650 | 0 | 4 |
_aCiencia política _vManuales _991914 |
| 650 | 0 | 4 |
_aCultura política _912406 |
| 650 | 0 | 4 |
_aDemocracia _912617 |
| 650 | 0 | 4 |
_aEstado _97594 |
| 650 | 0 | 4 |
_aMovimientos sociales _919847 |
| 650 | 0 | 4 |
_aNacionalismo _920063 |
| 650 | 0 | 4 |
_aPartidos políticos _97900 |
| 650 | 0 | 4 |
_aSistemas electorales _924654 |
| 650 | 0 | 4 |
_aTeoría política _925330 |
| 700 | 1 |
_aÁguila, Rafael del _d1953- _932313 |
|
| 942 |
_cLIBRO _a6 _e4 _mM294m _2DEWEY _h320 |
||
| 999 |
_c71230 _d71230 |
||